[Event "Padova Weekend op-B 8th"]
[Site "Padova"]
[Date "2005.12.10"]
[Round "1.22"]
[White "Borsato, Mirko"]
[Black "Pomaro, Alberto"]
[Result "0-1"]
[WhiteElo "1613"]
[BlackElo "1971"]
[PlyCount "74"]
[EventDate "2005.12.10"]
[EventType "swiss"]
[EventRounds "6"]
[EventCountry "ITA"]
[SourceTitle "EXT 2024"]
[Source "ChessBase"]
[SourceDate "2023.10.10"]
[SourceVersion "1"]
[SourceVersionDate "2023.10.10"]
[SourceQuality "1"]

1. Nf3 Nf6 2. d4 g6 3. Bg5 Bg7 4. c4 0-0 5. Nc3 d6 6. e4 Nbd7 7. Bd3 c6 8. 0-0 Qc7 9. Rc1 a6 10. Re1 e5 11. d5 cxd5 12. cxd5 Qa5 13. a3 Rb8 14. Bd2 Qd8 15. b4 Ne8 16. Rc2 f5 17. Bg5 Ndf6 18. Qc1 f4 19. Bc4 h6 20. Bxf6 Qxf6 21. Na4 b5 22. Be2 Bd7 23. Nb2 g5 24. h3 Qg6 25. Nd2 h5 26. Qd1 g4 27. hxg4 hxg4 28. Bd3 Kf7 29. f3 Rh8 30. fxg4 Qh6 31. Nf3 Nf6 32. Ng5+ Qxg5 33. Rc7 Qh4 34. Rxd7+ Nxd7 35. Be2 Qh2+ 36. Kf2 Qg3+ 37. Kg1 Qe3+ 0-1

[Event "Treviso U2100 op"]
[Site "Treviso"]
[Date "2005.12.04"]
[Round "3.12"]
[White "Borsato, Mirko"]
[Black "Ribon, Andrea"]
[Result "0-1"]
[WhiteElo "1613"]
[BlackElo "1870"]
[PlyCount "78"]
[EventDate "2005.12.03"]
[EventType "swiss"]
[EventRounds "5"]
[EventCountry "ITA"]
[SourceTitle "EXT 2024"]
[Source "ChessBase"]
[SourceDate "2023.10.10"]
[SourceVersion "1"]
[SourceVersionDate "2023.10.10"]
[SourceQuality "1"]

1. Nf3 c5 2. e3 g6 3. d4 Bg7 4. c4 cxd4 5. exd4 Nf6 6. Bd3 d5 7. c5 0-0 8. Nc3 Nc6 9. 0-0 Bg4 10. Be3 a6 11. Be2 Re8 12. Qb3 Na5 13. Qd1 Qc7 14. b3 Rad8 15. Rc1 Nc6 16. a3 Ne4 17. h3 Bf5 18. Nh4 e5 19. Nf3 Nxc3 20. Rxc3 exd4 21. Bxd4 Nxd4 22. Nxd4 Bxd4 23. Qxd4 Rxe2 24. Rfc1 Qe5 25. Qxe5 Rxe5 26. c6 bxc6 27. Rxc6 Re6 28. Rc7 Rb6 29. g4 Be6 30. b4 d4 31. Rd1 d3 32. Rd2 Rbd6 33. f4 Bb3 34. Kf2 R8d7 35. Rc5 Bc2 36. Rc3 Kg7 37. Kg3 Ba4 38. f5 Bb5 39. Rc5 Re7 0-1